Normal view
MARC view
- Gentili C
Entry Personal Name
001 - CONTROL NUMBER
- control field: 153224
003 - CONTROL NUMBER IDENTIFIER
- control field: OSt
005 - DATE AND TIME OF LATEST TRANSACTION
- control field: 20230313124328.0
008 - FIXED-LENGTH DATA ELEMENTS
- fixed length control field: 230313|| aca||aabn | a|a d
040 ## - CATALOGING SOURCE
- Original cataloging agency: OSt
- Transcribing agency: OSt
100 ## - HEADING--PERSONAL NAME
- Personal name: Gentili C
670 ## - SOURCE DATA FOUND
- Source citation: Work cat.: (OSt)118162: Gentili C., Microwave Amplifiers And Oscillators, 1984